000 01273nam a2200337 a 4500
001 000110902
003 CHAP
005 20240821130718.0
008 141020s2014 mx sm |||||||spa d
010 _a107364
011 _a108336
040 _cCHAP
090 _aTesis
100 1 0 _aRuiz García, Agustín
_9100679
245 1 0 _aModelación y análisis del ambiente de un invernadero con ventilación natural
_h[En línea]
_cpor Agustín Ruiz García.
260 _aChapingo, Méx. :
_bEl autor,
_c2014.
500 _aPara ver el contenido del material haga clic en la liga
502 _aTesis (Ph. D. en Ingeniería Agrícola y Uso Integral del Agua) -- UACH. Departamento de Ingeniería Mecánica Agrícola
502 _aUACH. Departamento de Irrigación
590 _aE11695DGD
_b10
_c20141021
_lUCH01
_h0921
590 _aE5765TAJ
_b05
_c20141020
_lUCH01
_h1302
590 _aE5765TAJ
_b05
_c20141020
_lUCH01
_h1303
650 1 4 _aControl ambiental.
_927577
650 1 4 _aInvernaderos
_xVentilación.
_9126353
650 1 4 _aModelos matemáticos.
_976419
650 1 4 _aProcesamiento automático de datos en invernaderos.
_991795
856 _aFinding aid
_uhttp://10.13.5.2/tesis/sist110902.pdf
_zTeclea aquí
901 _aBK
942 _cTESIS
942 _n0
999 _c107364
_d107364